Statistics for Every NFL Team's all-time active leader in passing yards

Click here to take the quiz!

General Stats

  • This quiz has been taken 65 times
    (42 since last reset)
  • The average score is 25 of 32

Answer Stats

TeamYardsTeam Yards Leader #Player% Correct
ARI11,4807thKyler Murray
97%
BAL9,9672ndLamar Jackson
94%
INDN/AN/AN/A
94%
SEAN/AN/AN/A
94%
ATLN/AN/AN/A
94%
BUF14,1144thJosh Allen
92%
LVR31,7001stDerek Carr
86%
MIN16,3874thKirk Cousins
83%
LAR4,88614thMatthew Stafford
83%
MIA4,4679thTua Tagovailoa
83%
NYG8,3988thDaniel Jones
81%
LAC9,3506thJustin Herbert
81%
NEP3,80122ndMac Jones
81%
TBB9,9497thTom Brady
81%
NYJ2,33420thZach Wilson
81%
GBP55,3602ndAaron Rodgers
78%
DAL22,0834thDak Prescott
78%
DET3,24518thJared Goff
78%
SFF11,1628thJimmy Garoppolo
78%
CIN7,2997thJoe Burrow
78%
KAN18,9913rdPatrick Mahomes
78%
TEN10,2956thRyan Tannehill
78%
JAX3,6418thTrevor Lawrence
78%
CLE14,1253rdBaker Mayfield
75%
PHI4,20517thJalen Hurts
75%
CAR2,52710thSam Darnold
75%
HOU2,6646thDavis Mills
64%
NOS2,02517thTaysom Hill
61%
CHI2,10228thNick Foles
53%
PIT2,36618thMason Rudolph
50%
WAS3,55619thTaylor Heinicke
50%
DEN29550thBrett Rypien
25%

Score Distribution

Percentile by Number Answered

Percent of People with Each Score

Your Score History

You have not taken this quiz since the last reset